| 000 | 00326nam a22001217a 4500 | ||
|---|---|---|---|
| 082 | _a621.381 SMI'T | ||
| 100 |
_aSMITH, D. A _957500 |
||
| 245 | _aABC'S OF ELECTRONIC TEST EQUIPMENT | ||
| 260 |
_aNEWYORK _bMERRILL _c1963 |
||
| 300 | _a96P | ||
| 650 |
_aELECTRONIC TEST EQUIPMENT EQUIPMENT-ELECTRONIC TEST _957501 |
||
| 942 | _cBK | ||
| 999 |
_c567779 _d567779 |
||